Espejos que dejan ver (Record no. 265)

MARC details
000 -LEADER
campo de control de longitud fija 00483 a2200145 4500
020 ## - NÚMERO INTERNACIONAL ESTÁNDAR DEL LIBRO
Número Internacional Estándar del Libro 07168101
082 ## - NÚMERO DE LA CLASIFICACIÓN DECIMAL DEWEY
Número de clasificación 700.452.042
Número de ítem E77e
100 ## - ENTRADA PRINCIPAL--NOMBRE DE PERSONA
Nombre de persona Iriarte, Elvira Maria y Ortega, Eliana
9 (RLIN) 1217
245 ## - MENCIÓN DEL TÍTULO
Título Espejos que dejan ver
Resto del título mujeres en las artes visulaes latinoamericanas
260 ## - PUBLICACIÓN, DISTRIBUCIÓN, ETC.
Lugar de publicación, distribución, etc. Chile
Nombre del editor, distribuidor, etc. Isis Internacional
Fecha de publicación, distribución, etc. 2002
300 ## - DESCRIPCIÓN FÍSICA
Extensión 296 p
Otras características físicas ill (col)
Dimensiones 24 cm
650 ## - PUNTO DE ACCESO ADICIONAL DE MATERIA--TÉRMINO DE MATERIA
Término de materia o nombre geográfico como elemento de entrada mujeres en el arte
Subdivisión geográfica latinoamerica
9 (RLIN) 1218
700 ## - ENTRADA AGREGADA--NOMBRE PERSONAL
Nombre de persona Elvira Maria Iriarte
9 (RLIN) 1219
700 ## - ENTRADA AGREGADA--NOMBRE PERSONAL
Nombre de persona Eliana Ortega
9 (RLIN) 1220
Holdings
Estatus retirado Estado de pérdida Fuente del sistema de clasificación o colocación Estado de daño No para préstamo Biblioteca de origen Biblioteca actual Ubicación en estantería Fecha de adquisición Total de préstamos Signatura topográfica completa Código de barras Visto por última vez Fecha del último préstamo Precio de reemplazo Tipo de ítem Koha
    Clasificación Decimal Dewey     Biblioteca LadoV Biblioteca LadoV   11/07/2014 1 700.452.042 E77e 000267 12/09/2018 04/08/2018 11/07/2014 Material 01